000 00645nam a22001817a 4500
003 JO-AjAnu
005 20241019080317.0
008 241019b jo ||||| |||| 00| 0 ara d
040 _cJO-AjAnu
041 _aARA
100 1 _aيوسف، قاروق
_966255
_eمؤلف
245 2 1 _aالفنون المعاصرة في العالم العربي من حسن شريف الى منى الجمل السيالة /
_cتأليف فاروق يوسف
250 _aالطبعة الاولى
260 _aعمان:
_bدار خطوط وظلال،
_c2023
300 _a132صفحة
650 7 0 _aالفنون المعاصرة
_966256
942 _2lcc
_cBK
_n0
999 _c33732
_d33732